000 006120000a22002050004500
003 LK-CoMWRAF
005 20230921145019.0
008 230817t1986 ||||| |||| 00| 0 eng d
020 _a8185265003
040 _aLK-CoMWRAF
_dLK-CoMWRAF
_eLK-CoMWRAF
041 _aeng
082 _a340.59
_bSID
100 _aSiddiqi, Muhammad Iqbal
245 _aThe Family Laws of Islam
260 _aNew Delhi;
_bInternational Islamic Publishers,
_c1988
300 _aviii, 278 p. ; 23 cm.
_bBibliography and index included
650 _aMARRIAGE-RELIGIOUS ASPECTS-ISLAM
650 _aMarriage (Islamic law)
942 _cBK
999 _c1668
_d1668